[Event "2.BLW 1617 Hansa Dortmund - Aachener SV"]
[Site "?"]
[Date "2016.10.16"]
[Round "1.4"]
[White "Pap, Misa"]
[Black "Klein, Felix"]
[Result "1-0"]
[WhiteElo "2489"]
[BlackElo "2321"]
[PlyCount "147"]
[EventDate "2016.??.??"]

1. e4 c5 2. c3 Nf6 3. e5 Nd5 4. Nf3 e6 5. d4 cxd4 6. cxd4 d6 7. Bc4 Nc6 8. Qe2
Be7 9. O-O O-O 10. Rd1 Na5 11. b3 Bd7 12. Bxd5 exd5 13. Nc3 Be6 14. Ba3 a6 15.
Rac1 Rc8 16. Qe3 Nc6 17. h3 Re8 18. Qd3 h6 19. Na4 dxe5 20. Bxe7 Qxe7 21. dxe5
Nb4 22. Qd2 Rxc1 23. Rxc1 Rc8 24. Rxc8+ Bxc8 25. Nc3 Be6 26. Ne2 Nc6 27. Ned4
Nxd4 28. Nxd4 Kh7 29. f4 g6 30. Qc3 Kg8 31. Kh2 Kh7 32. Kg3 Kg8 33. b4 Qd7 34.
Kh2 Bf5 35. a3 Be4 36. Qe3 Qc7 37. a4 Kh7 38. a5 Qc4 39. Qd2 Qf1 40. Kg3 Qg1
41. e6 fxe6 42. Qf2 Qb1 43. Nxe6 Qxb4 44. Qc5 Qxc5 45. Nxc5 Bb1 46. Nxb7 Ba2
47. Nc5 Bc4 48. Kf3 h5 49. g4 Kg7 50. g5 Kf7 51. Nd7 Ke6 52. Ne5 Kf5 53. Nc6
Ke6 54. Nd4+ Kf7 55. h4 Bf1 56. Ke3 Bc4 57. Kd2 Ke7 58. Ke3 Bf1 59. Kd2 Kf7 60.
Ke3 Bc4 61. f5 gxf5 62. Kf4 Kg6 63. Nxf5 Bb3 64. Ke5 Kf7 65. Ne3 d4 66. Kxd4
Ke6 67. Ke4 Ba4 68. Kf4 Be8 69. Nc2 Bd7 70. Nd4+ Kd5 71. Nf5 Be8 72. g6 Kc5 73.
g7 Bf7 74. Nh6 1-0

[Event "2.BLW 1617 Hansa Dortmund - Aachener SV"]
[Site "?"]
[Date "2016.10.16"]
[Round "1.5"]
[White "Begnis, Nikolaos"]
[Black "Kalka, Arkadius Georg"]
[Result "1/2-1/2"]
[WhiteElo "2304"]
[BlackElo "2333"]
[PlyCount "119"]
[EventDate "2016.??.??"]

1. e4 c5 2. Nf3 d6 3. d4 cxd4 4. Nxd4 Nf6 5. Nc3 g6 6. Be2 Bg7 7. O-O Nc6 8.
Nb3 O-O 9. Be3 Be6 10. f4 Rc8 11. Kh1 Na5 12. f5 Nc4 13. Bd4 Bd7 14. Qc1 b5 15.
Bd3 e6 16. a4 a6 17. axb5 axb5 18. Ra7 b4 19. Nd1 e5 20. Bg1 Ng4 21. Ne3 Bh6
22. Rxd7 Qh4 23. Qe1 Qxe1 24. Rxe1 Bxe3 25. fxg6 hxg6 26. h3 Bxg1 27. Kxg1 Nf6
28. Rb7 Nxb2 29. Rxb4 Nxd3 30. cxd3 Rc2 31. Rc4 Rb2 32. Nc1 Nh5 33. Re2 Rb1 34.
Kh2 Ra8 35. Rec2 Raa1 36. g3 Kf8 37. Rc7 Kg7 38. Kg2 Nf6 39. g4 d5 40. g5 Nh5
41. Ne2 dxe4 42. dxe4 Rb4 43. R7c4 Rb3 44. R4c3 Raa3 45. Kf2 Kh7 46. Rxb3 Rxb3
47. Rc3 Rb5 48. h4 Kg8 49. Rc8+ Kg7 50. Kf3 f5 51. gxf6+ Nxf6 52. Rc6 Rb4 53.
Nc3 Rb3 54. Ke2 Nh5 55. Kd3 Nf4+ 56. Kc4 Rb2 57. Rc5 Kf6 58. Rc6+ Kg7 59. Rc5
Kf6 60. Rc6+ 1/2-1/2

[Event "2.BLW 1617 Hansa Dortmund - Aachener SV"]
[Site "?"]
[Date "2016.10.16"]
[Round "1.6"]
[White "Ackermann, Hans Werner"]
[Black "Coenen, Norbert"]
[Result "1/2-1/2"]
[WhiteElo "2360"]
[BlackElo "2304"]
[PlyCount "79"]
[EventDate "2016.??.??"]

1. Nf3 Nf6 2. b3 d5 3. Bb2 Bg4 4. g3 Nbd7 5. d4 e6 6. Bg2 Be7 7. O-O O-O 8. c4
c6 9. Nc3 Bh5 10. Re1 Qb6 11. c5 Qc7 12. b4 Rfe8 13. Qd2 Rad8 14. Qf4 Qb8 15.
Bc1 h6 16. Qxb8 Nxb8 17. Ne5 Nbd7 18. f4 Nxe5 19. fxe5 Ne4 20. Bxe4 dxe4 21.
Be3 Bg6 22. Red1 f6 23. Bf4 Bf5 24. h4 Rd7 25. Kf2 Red8 26. exf6 Bxf6 27. Bd6
g5 28. h5 g4 29. Ke3 Rxd6 30. cxd6 Bg5+ 31. Kf2 e3+ 32. Kg1 Rxd6 33. Rac1 Bf6
34. Na4 Bxd4 35. Nc5 b6 36. Nb3 e5 37. a4 Be6 38. Rd3 Bf5 39. Rdd1 Be6 40. Rd3
1/2-1/2

[Event "2.BLW 1617 Hansa Dortmund - Aachener SV"]
[Site "?"]
[Date "2016.10.16"]
[Round "1.7"]
[White "Lamby, Philipp"]
[Black "Kotter, Ralf"]
[Result "1/2-1/2"]
[WhiteElo "2184"]
[BlackElo "2358"]
[PlyCount "247"]
[EventDate "2016.??.??"]

1. d4 Nf6 2. c4 e6 3. Nc3 Bb4 4. e3 O-O 5. Bd3 d5 6. Nf3 b6 7. O-O Bb7 8. Bd2
Bxc3 9. Bxc3 Ne4 10. Be1 Nd7 11. Nd2 c5 12. Nxe4 dxe4 13. Be2 Qg5 14. Qa4 Rfd8
15. Rd1 cxd4 16. exd4 Nf6 17. Qa3 Rd7 18. Qe3 Qf5 19. f3 exf3 20. Bxf3 Bxf3 21.
Qxf3 Qxf3 22. Rxf3 Rad8 23. Bf2 Ng4 24. Rfd3 Ne5 25. Rc3 Rc8 26. Bg3 Ng6 27. b3
Ne7 28. Rcd3 Rcd8 29. Bh4 f6 30. Bf2 Kf7 31. Kf1 Ng6 32. Bg3 h5 33. h3 Ne7 34.
Ke2 a6 35. a4 Nf5 36. Bf2 b5 37. axb5 axb5 38. g4 hxg4 39. hxg4 bxc4 40. bxc4
Nd6 41. c5 Nc8 42. Rb1 Ne7 43. Rdb3 Rd5 44. Rb7 e5 45. dxe5 Rxe5+ 46. Kf1 Kg6
47. Bg3 Re4 48. Re1 Rxe1+ 49. Kxe1 Nc6 50. Rc7 Nd4 51. Kf2 Ne6 52. Rc6 Re8 53.
Bd6 Kg5 54. Rb6 Ra8 55. c6 Ra2+ 56. Kg3 Rc2 57. Rb5+ Kg6 58. c7 Rc3+ 59. Kf2
Nxc7 60. Bxc7 Rxc7 61. Kf3 Rc3+ 62. Kf4 Rc1 63. Rb7 Rf1+ 64. Kg3 Kh6 65. Kg2
Re1 66. Rf7 Re3 67. Kf2 Rd3 68. Kg2 Re3 69. Kf2 Re6 70. Kf3 g6 71. Kf4 Ra6 72.
Rb7 Ra4+ 73. Kg3 Ra3+ 74. Kf4 g5+ 75. Kf5 Rf3+ 76. Ke6 Kg6 77. Rb1 Re3+ 78. Kd5
Re2 79. Ra1 Rg2 80. Ra4 Rf2 81. Re4 Rf3 82. Ra4 Re3 83. Rb4 Rf3 84. Ra4 Re3 85.
Rb4 Re5+ 86. Kd4 Re8 87. Kd3 Re6 88. Rb5 Re1 89. Rb7 Re6 90. Rb5 Kf7 91. Rb7+
Re7 92. Rb6 Re1 93. Ra6 Rf1 94. Ra4 Rf3+ 95. Ke2 Rg3 96. Kf2 Rc3 97. Ra6 Ke7
98. Rb6 Rd3 99. Ra6 Rd6 100. Ra8 Ke6 101. Re8+ Kd5 102. Kf3 Rc6 103. Rd8+ Ke5
104. Re8+ Re6 105. Ra8 Rb6 106. Re8+ Kd6 107. Rd8+ Ke7 108. Ra8 Rb3+ 109. Kf2
Rb4 110. Kf3 Rc4 111. Ra6 Rd4 112. Rb6 Rf4+ 113. Kg3 Rc4 114. Ra6 Rc3+ 115. Kf2
Rd3 116. Rb6 Rd6 117. Rb8 Re6 118. Kf3 Kd6 119. Ra8 Kd5 120. Ra5+ Kd4 121. Ra4+
Kd3 122. Ra3+ Kd4 123. Ra4+ Kd3 124. Ra3+ 1/2-1/2

[Event "2.BLW 1617 SV Würselen - Düsseldorfer"]
[Site "?"]
[Date "2016.10.16"]
[Round "1.1"]
[White "Kohlweyer, Bernd"]
[Black "Chatalbashev, Boris"]
[Result "0-1"]
[WhiteElo "2326"]
[BlackElo "2534"]
[PlyCount "130"]
[EventDate "2016.??.??"]

1. d4 Nf6 2. c4 g6 3. Nc3 d5 4. Nf3 Bg7 5. Bf4 O-O 6. Rc1 Be6 7. e3 c6 8. Ng5
Bg4 9. Be2 Bxe2 10. Qxe2 Nh5 11. Be5 dxc4 12. Qxc4 Bxe5 13. dxe5 Qa5 14. f4 b5
15. Qb3 Na6 16. g4 Nc5 17. Qc2 Ng7 18. O-O Rad8 19. Rfd1 Rxd1+ 20. Rxd1 b4 21.
Ne2 Nge6 22. Nxe6 Nxe6 23. Qc4 Qb6 24. Kf2 a5 25. Rd2 a4 26. Ng3 a3 27. b3 Nc7
28. Ne4 Nd5 29. Rd4 Ra8 30. Kf3 Kg7 31. Rd3 e6 32. g5 h6 33. h3 Rh8 34. gxh6+
Rxh6 35. Ng5 Rh4 36. Rd4 Qb7 37. Qc5 Qa6 38. Qc4 Qb6 39. Rd3 Qb7 40. Kg3 Rh8
41. e4 Nc3 42. f5 Qa7 43. f6+ Kh6 44. Nxf7+ Qxf7 45. Qxb4 Nb5 46. Qd2+ g5 47.
Qc1 Kg6 48. Qxc6 Qa7 49. Kg2 Nd4 50. Qa4 Qxa4 51. bxa4 Nc6 52. Rxa3 Nxe5 53. a5
Ra8 54. a6 Nc6 55. Kf3 Kxf6 56. Kg4 Ne5+ 57. Kg3 Ra7 58. Ra5 Nc6 59. Ra4 Nb8
60. Rb4 Nxa6 61. Ra4 Ra8 62. Kg4 Nc7 63. Rxa8 Nxa8 64. Kh5 Nb6 65. e5+ Kf5 0-1

[Event "2.BLW 1617 SV Würselen - Düsseldorfer"]
[Site "?"]
[Date "2016.10.16"]
[Round "1.2"]
[White "Geiernaert, Steven"]
[Black "Schuh, Dirk"]
[Result "1/2-1/2"]
[WhiteElo "2436"]
[BlackElo "2357"]
[PlyCount "94"]
[EventDate "2016.??.??"]

1. d4 d5 2. c4 e6 3. Nc3 Nf6 4. cxd5 exd5 5. Bg5 c6 6. e3 Be7 7. Bd3 Nbd7 8.
Qc2 Nh5 9. Bxe7 Qxe7 10. Nge2 g6 11. g4 Ng7 12. h4 Nf8 13. Nf4 Nfe6 14. Ncxd5
cxd5 15. Nxd5 Qd6 16. Nf6+ Ke7 17. Ne4 Qb4+ 18. Nc3 Nxd4 19. exd4 Bxg4 20. Rg1
Bh5 21. Kf1 Rhd8 22. Re1+ Kf8 23. Re4 f5 24. Re3 Rxd4 25. Nb5 Rd5 26. a3 Qc5
27. Nc7 Qxc2 28. Bxc2 Rc5 29. Nxa8 Rxc2 30. Rc3 Rxc3 31. bxc3 Ne6 32. Kg2 Be2
33. Re1 Bc4 34. Re5 b5 35. Kg3 Kf7 36. f4 Kf6 37. a4 h6 38. axb5 g5 39. b6 axb6
40. Re1 Nxf4 41. Nxb6 Be6 42. c4 Nd3 43. Rd1 f4+ 44. Kg2 Bf5 45. hxg5+ hxg5 46.
Nd5+ Ke5 47. Kf3 Bg4+ 1/2-1/2

[Event "2.BLW 1617 SV Würselen - Düsseldorfer"]
[Site "?"]
[Date "2016.10.16"]
[Round "1.3"]
[White "Stark, Lars"]
[Black "Klyuner, Vyacheslav"]
[Result "1-0"]
[WhiteElo "2374"]
[BlackElo "2451"]
[PlyCount "69"]
[EventDate "2016.??.??"]

1. c4 Nf6 2. g3 e5 3. Bg2 g6 4. Nc3 Bg7 5. e4 O-O 6. Nge2 d6 7. O-O Nfd7 8. d3
Nc6 9. Be3 Nd4 10. Qd2 c6 11. Bg5 f6 12. Be3 f5 13. Bg5 Nxe2+ 14. Nxe2 Bf6 15.
Be3 Nc5 16. Rad1 a5 17. exf5 Bxf5 18. d4 exd4 19. Nxd4 Bg4 20. Ne2 Bxe2 21.
Qxe2 Qe7 22. Rfe1 Rfd8 23. Qc2 Qg7 24. b3 h6 25. Re2 g5 26. Red2 Be7 27. Bd4
Bf6 28. Be3 Be7 29. Bh3 Qf6 30. Bd4 Qf7 31. Re1 Kf8 32. Qc3 Qh7 33. Rde2 Re8
34. Bf6 Qd3 35. Bxe7+ 1-0

[Event "2.BLW 1617 SV Würselen - Düsseldorfer"]
[Site "?"]
[Date "2016.10.16"]
[Round "1.4"]
[White "Cekro, Ekrem"]
[Black "de Gleria, Francesco"]
[Result "1-0"]
[WhiteElo "2408"]
[BlackElo "2377"]
[PlyCount "113"]
[EventDate "2016.??.??"]

1. c4 g6 2. g3 Bg7 3. Bg2 e5 4. Nc3 d6 5. e4 Nc6 6. Nge2 h5 7. h4 Bg4 8. Qb3
Rb8 9. d3 Bh6 10. f4 Nge7 11. Be3 O-O 12. O-O Kh7 13. Rf2 Qd7 14. Kh2 Ng8 15.
Raf1 a6 16. Qc2 Nce7 17. d4 exd4 18. Nxd4 c5 19. Nf3 Nf6 20. Ng5+ Kg8 21. Qd3
Nc6 22. Rd2 Rbd8 23. b3 Qe7 24. a3 Rfe8 25. Bf2 Bg7 26. Re1 Bc8 27. Kg1 Ng4 28.
Nd5 Qf8 29. Nf3 Nxf2 30. Rxf2 Bg4 31. Kh2 Nd4 32. Rff1 Rb8 33. Nxd4 Bxd4 34. e5
Bf5 35. Be4 Bxe4 36. Rxe4 Kg7 37. Nf6 Red8 38. Nd5 Re8 39. Nc7 Rec8 40. Nd5 Re8
41. f5 dxe5 42. Qe2 Qd6 43. Qd2 b5 44. Qg5 bxc4 45. bxc4 Rb2+ 46. Kh1 Reb8 47.
fxg6 Qxg6 48. Rxe5 Rb1 49. Qxg6+ fxg6 50. Re7+ Kh6 51. Rxb1 Rxb1+ 52. Kg2 Rb2+
53. Kf3 Rb3+ 54. Kf4 Bf2 55. Re6 Rxa3 56. Ne7 Rxg3 57. Nf5+ 1-0

[Event "2.BLW 1617 SV Würselen - Düsseldorfer"]
[Site "?"]
[Date "2016.10.16"]
[Round "1.5"]
[White "Coenen, Michael"]
[Black "Docx, Stefan"]
[Result "1/2-1/2"]
[WhiteElo "2393"]
[BlackElo "2400"]
[PlyCount "70"]
[EventDate "2016.??.??"]

1. e4 e5 2. Nf3 Nc6 3. Bc4 Nf6 4. d3 Bc5 5. O-O O-O 6. c3 d6 7. a4 a5 8. Re1
Ne7 9. d4 exd4 10. cxd4 Bb4 11. Nc3 d5 12. exd5 Nexd5 13. Qd3 c6 14. Bd2 Ne7
15. Bg5 Bf5 16. Qd1 Ng6 17. Qb3 h6 18. Be3 Qc7 19. h3 Rae8 20. Rac1 Qd6 21.
Red1 Bxh3 22. Ne5 Be6 23. Nxg6 fxg6 24. Bxe6+ Qxe6 25. Qxe6+ Rxe6 26. d5 cxd5
27. Nxd5 Nxd5 28. Rxd5 Rc6 29. Rxc6 bxc6 30. Rd7 Re8 31. Rc7 Re6 32. g3 Rd6 33.
Bf4 Re6 34. Be3 Rd6 35. Bf4 Re6 1/2-1/2

[Event "2.BLW 1617 SV Würselen - Düsseldorfer"]
[Site "?"]
[Date "2016.10.16"]
[Round "1.6"]
[White "Beukema, Stefan"]
[Black "Miedema, David"]
[Result "0-1"]
[WhiteElo "2391"]
[BlackElo "2366"]
[PlyCount "70"]
[EventDate "2016.??.??"]

1. e4 e5 2. Nf3 Nf6 3. Nxe5 d6 4. Nf3 Nxe4 5. d3 Nf6 6. d4 Be7 7. Bd3 O-O 8.
O-O Re8 9. Re1 Nbd7 10. Nbd2 Nf8 11. Nf1 c6 12. Ng3 Ne6 13. Nf5 Bf8 14. c4 a6
15. Bc2 Nc7 16. Rxe8 Qxe8 17. Qd3 d5 18. c5 g6 19. Ng3 Ne6 20. Bd2 Ng7 21. Re1
Be6 22. Ne5 Qc8 23. Qf3 Nd7 24. Ng4 Bxg4 25. Qxg4 Nf6 26. Qh4 Nfe8 27. Bh6 Qd8
28. Bg5 Qa5 29. Re3 Ne6 30. Bh6 Bxh6 31. Qxh6 Qd2 32. Bd3 N8g7 33. h4 Qxb2 34.
h5 Qa1+ 35. Nf1 Nxh5 0-1

[Event "2.BLW 1617 SV Würselen - Düsseldorfer"]
[Site "?"]
[Date "2016.10.16"]
[Round "1.7"]
[White "van Assendelft, Floris"]
[Black "Sarrau, Jelle"]
[Result "1/2-1/2"]
[WhiteElo "2320"]
[BlackElo "2373"]
[PlyCount "70"]
[EventDate "2016.??.??"]

1. e4 c5 2. Nf3 d6 3. d4 cxd4 4. Nxd4 Nf6 5. Nc3 a6 6. f4 e5 7. Nf3 Nbd7 8. Bd3
Be7 9. O-O O-O 10. Kh1 b5 11. Qe1 Bb7 12. fxe5 Nxe5 13. Bf4 b4 14. Ne2 Nxe4 15.
Nxe5 dxe5 16. Bxe5 Qd5 17. Bxe4 Qxe4 18. Nf4 Rfe8 19. Qxe4 Bxe4 20. c3 Rac8 21.
Rad1 Bf8 22. Bd4 Rc6 23. Kg1 f6 24. cxb4 Bxb4 25. a3 Ba5 26. b4 Bd8 27. Rf2 Rc4
28. Bc5 Bc7 29. Nh5 Bc6 30. Ng3 Ba4 31. Rdd2 Bf4 32. Ra2 Bb5 33. Rfc2 Re1+ 34.
Kf2 Bxg3+ 35. Kxg3 Rxc2 1/2-1/2

[Event "2.BLW 1617 SV Würselen - Düsseldorfer"]
[Site "?"]
[Date "2016.10.16"]
[Round "1.8"]
[White "Huhndorf, Arnold"]
[Black "Harff, Marcel"]
[Result "1/2-1/2"]
[WhiteElo "2224"]
[BlackElo "2340"]
[PlyCount "56"]
[EventDate "2016.??.??"]

1. d4 e6 2. c4 Nf6 3. Nf3 b6 4. g3 Bb7 5. Bg2 Bb4+ 6. Bd2 Bxd2+ 7. Qxd2 O-O 8.
Nc3 Ne4 9. Nxe4 Bxe4 10. O-O d6 11. Ne1 Bxg2 12. Nxg2 Nd7 13. Rfd1 Qe7 14. Qc2
Nf6 15. Ne3 g6 16. Rac1 Rac8 17. b4 c5 18. Qb2 cxb4 19. Qxb4 Rc7 20. a4 Rfc8
21. Ra1 Ne4 22. a5 bxa5 23. Rxa5 Rb7 24. Qa3 Rcb8 25. Qd3 Nf6 26. Qa3 h5 27. c5
dxc5 28. Qxc5 Qxc5 1/2-1/2

[Event "2.BLW 1617 SG Bochum - Düsseldorfer SK"]
[Site "?"]
[Date "2016.11.20"]
[Round "2.2"]
[White "Kotainy, Jens"]
[Black "Schuh, Dirk"]
[Result "1/2-1/2"]
[WhiteElo "2397"]
[BlackElo "2361"]
[PlyCount "51"]
[EventDate "2016.??.??"]

1. e4 e5 2. Bc4 Nf6 3. d3 c6 4. Nf3 Be7 5. c3 d6 6. Nbd2 O-O 7. Bb3 Nbd7 8. O-O
Nc5 9. Bc2 Bg4 10. h3 Bh5 11. Re1 Ne6 12. Nf1 Nd7 13. Ng3 Bxf3 14. Qxf3 g6 15.
Be3 Bg5 16. d4 Bxe3 17. fxe3 c5 18. Rad1 Qb6 19. Ba4 Rad8 20. Qf2 Qc7 21. Rf1
Nb6 22. Bb3 c4 23. Bc2 f6 24. Qe2 Ng7 25. Rf3 Rc8 26. Qf2 {(=)} 1/2-1/2

[Event "2.BLW 1617 SG Bochum - Düsseldorfer SK"]
[Site "?"]
[Date "2016.11.20"]
[Round "2.3"]
[White "Stark, Lars"]
[Black "Goudriaan, Etienne"]
[Result "1-0"]
[WhiteElo "2369"]
[BlackElo "2360"]
[PlyCount "65"]
[EventDate "2016.??.??"]

1. c4 e5 2. g3 Nf6 3. Bg2 d5 4. cxd5 Nxd5 5. Nf3 Nc6 6. O-O Be7 7. d4 e4 8. Ne5
f5 9. Nxc6 bxc6 10. Nd2 Ba6 11. Nb3 O-O 12. Bd2 Qe8 13. Re1 Kh8 14. e3 Rf6 15.
Rc1 g5 16. Nc5 Bc8 17. f3 exf3 18. Qxf3 Rb8 19. b3 Qf7 20. Nd3 Rb6 21. Ne5 Qe8
22. Nxc6 Bb7 23. Qxd5 Bxc6 24. Qe5 Bxg2 25. Kxg2 Qa8+ 26. Kg1 Bd8 27. Qe8+ Kg7
28. Rxc7+ Kh6 29. Rd7 Rb8 30. d5 f4 31. Qe4 Rg6 32. Qf5 Bb6 33. Qh3# 1-0

[Event "2.BLW 1617 SG Bochum - Düsseldorfer SK"]
[Site "?"]
[Date "2016.11.20"]
[Round "2.4"]
[White "Schlawin, Marlon"]
[Black "de Gleria, Francesco"]
[Result "0-1"]
[WhiteElo "2342"]
[BlackElo "2377"]
[PlyCount "70"]
[EventDate "2016.??.??"]

1. e4 c5 2. Nf3 d6 3. c3 Nf6 4. Be2 Nbd7 5. d3 g6 6. Nbd2 Bg7 7. a4 O-O 8. O-O
Qc7 9. h3 d5 10. Re1 e5 11. b4 b6 12. a5 Bb7 13. Bf1 Rac8 14. axb6 axb6 15. Ba3
Rfd8 16. Qb3 Bh6 17. h4 Bf4 18. Rad1 c4 19. dxc4 dxe4 20. Ng5 e3 21. fxe3 Bg3
22. Re2 e4 23. c5 Bd5 24. c4 Ng4 25. Ndf3 exf3 26. gxf3 Bh2+ 27. Kh1 Ba8 28.
cxb6 Nxb6 29. c5 Rxd1 30. Qxd1 Nc4 31. Bh3 Rd8 32. Qc1 Ncxe3 33. Rd2 Rd3 34.
Bb2 Qg3 35. Bxg4 Rxd2 0-1

[Event "2.BLW 1617 SG Bochum - Düsseldorfer SK"]
[Site "?"]
[Date "2016.11.20"]
[Round "2.5"]
[White "Coenen, Michael"]
[Black "Hengelbrock, Joachim"]
[Result "1/2-1/2"]
[WhiteElo "2393"]
[BlackElo "2308"]
[PlyCount "27"]
[EventDate "2016.??.??"]

1. e4 g6 2. d4 Bg7 3. c3 d6 4. Nf3 Nf6 5. Bd3 O-O 6. O-O Nc6 7. h3 e5 8. Re1 h6
9. Nbd2 Nh5 10. Nb3 Qf6 11. Bf1 Nf4 12. Be3 g5 13. Nh2 Qg6 14. d5 {(=)} 1/2-1/2

[Event "2.BLW 1617 SG Bochum - Düsseldorfer SK"]
[Site "?"]
[Date "2016.11.20"]
[Round "2.6"]
[White "Dahm, Jochen"]
[Black "Miedema, David"]
[Result "0-1"]
[WhiteElo "2279"]
[BlackElo "2360"]
[PlyCount "72"]
[EventDate "2016.??.??"]

1. e4 e6 2. d4 d5 3. Nc3 Bb4 4. e5 c5 5. a3 Bxc3+ 6. bxc3 Ne7 7. Qg4 O-O 8. Bd3
Nbc6 9. Qh5 Ng6 10. Nf3 Qc7 11. Be3 c4 12. Bxg6 fxg6 13. Qg4 Qf7 14. Ng5 Qe8
15. h4 Bd7 16. Qe2 b5 17. g4 Qe7 18. h5 gxh5 19. Nxh7 Kxh7 20. Rxh5+ Kg6 21.
Kd2 Rh8 22. Bg5 Qf7 23. Rah1 Rxh5 24. Rxh5 Rf8 25. f4 Qg8 26. Qh2 Kf7 27. Rh7
Ke8 28. Qh4 Qf7 29. Kc1 Qg6 30. Kb2 a5 31. Qh1 b4 32. axb4 axb4 33. Rh5 b3 34.
cxb3 cxb3 35. Kxb3 Na5+ 36. Ka3 Qc2 0-1

[Event "2.BLW 1617 SG Bochum - Düsseldorfer SK"]
[Site "?"]
[Date "2016.11.20"]
[Round "2.7"]
[White "Harff, Marcel"]
[Black "Backwinkel, Paul"]
[Result "1-0"]
[WhiteElo "2341"]
[BlackElo "2317"]
[PlyCount "74"]
[EventDate "2016.??.??"]

1. c4 e5 2. Nc3 Nf6 3. Nf3 d6 4. g3 c6 5. d3 a5 6. a3 Bd7 7. Bg2 Be7 8. O-O O-O
9. h3 Re8 10. e4 Na6 11. Be3 Bf8 12. Rb1 h6 13. d4 exd4 14. Nxd4 Nc5 15. Qc2 a4
16. Rfe1 Qa5 17. f3 g6 18. Rbd1 Kh7 19. Bf2 Rad8 20. g4 Bc8 21. Bh4 Be7 22. Bg3
Nfd7 23. f4 Nb6 24. Bf1 Ne6 25. Nf3 Bf6 26. f5 Ng5 27. Nxg5+ hxg5 28. Qf2 Be5
29. Bxe5 Rxe5 30. h4 f6 31. hxg5 fxg5 32. Rd4 Ree8 33. Red1 gxf5 34. Rxd6 Rxd6
35. Rxd6 Qe5 36. Rd2 Nd7 37. exf5 Qf6 1-0

[Event "2.BLW 1617 SG Bochum - Düsseldorfer SK"]
[Site "?"]
[Date "2016.11.20"]
[Round "2.8"]
[White "Werthebach, Felix"]
[Black "Hainke, Guntram"]
[Result "1/2-1/2"]
[WhiteElo "2131"]
[BlackElo "2288"]
[PlyCount "77"]
[EventDate "2016.??.??"]

1. c4 c6 2. g3 d5 3. Bg2 Nf6 4. Nf3 Bg4 5. O-O Nbd7 6. d4 e6 7. Bf4 Be7 8. Nbd2
O-O 9. h3 Bh5 10. Qb3 Qb6 11. Qxb6 axb6 12. a3 h6 13. g4 Bg6 14. Ne5 Nxe5 15.
dxe5 Nd7 16. cxd5 exd5 17. e4 dxe4 18. Bxe4 Bxe4 19. Nxe4 Ra4 20. Rfe1 Nc5 21.
Nxc5 Bxc5 22. Be3 Bxe3 23. Rxe3 Rd8 24. Rae1 Rd2 25. R1e2 Rxe2 26. Rxe2 Rd4 27.
f3 Kf8 28. Kf2 Ke7 29. Ke3 Rd1 30. h4 Ke6 31. f4 g5 32. fxg5 hxg5 33. hxg5 Kxe5
34. Kf3+ Kd6 35. Ke4 Rg1 36. Kf4 Rf1+ 37. Ke4 Rg1 38. Kf4 Rf1+ 39. Ke4 1/2-1/2

[Event "2.BLW 1617 Aachener SV - SV Würselen"]
[Site "?"]
[Date "2016.11.20"]
[Round "2.1"]
[White "Chatalbashev, Boris"]
[Black "Seel, Christian"]
[Result "1/2-1/2"]
[WhiteElo "2548"]
[BlackElo "2469"]
[PlyCount "72"]
[EventDate "2016.??.??"]

1. c4 Nf6 2. Nc3 c5 3. Nf3 d5 4. cxd5 Nxd5 5. g3 g6 6. Qb3 Nb6 7. Ne5 e6 8. Bg2
Bg7 9. Qb5+ N8d7 10. Nxd7 Nxd7 11. d3 a6 12. Qb3 O-O 13. O-O Ra7 14. Ne4 h6 15.
a4 b6 16. Nd6 Qe7 17. Bf4 g5 18. Nxc8 Rxc8 19. Bd2 Qd6 20. Rac1 b5 21. axb5
axb5 22. Qxb5 Rb8 23. Qc4 Rxb2 24. Be3 Bd4 25. Bxd4 Qxd4 26. Rfe1 Raa2 27. Qxd4
cxd4 28. Rc8+ Kg7 29. Rd8 Nf6 30. Kf1 Rb4 31. h3 h5 32. Rc8 Rab2 33. Rc5 Rb5
34. Rc4 R5b4 35. Rc5 Rb5 36. Rc4 R5b4 1/2-1/2

[Event "2.BLW 1617 Aachener SV - SV Würselen"]
[Site "?"]
[Date "2016.11.20"]
[Round "2.2"]
[White "Koch, Thomas"]
[Black "Fridman, Rafael"]
[Result "1-0"]
[WhiteElo "2472"]
[BlackElo "2470"]
[PlyCount "113"]
[EventDate "2016.??.??"]

1. d4 d6 2. c4 e5 3. Nf3 e4 4. Ng5 f5 5. Nc3 Nf6 6. f3 exf3 7. exf3 g6 8. Qe2+
Qe7 9. Nb5 Na6 10. Bd2 Qxe2+ 11. Bxe2 c6 12. Nc3 Nc7 13. O-O-O Be7 14. Rhe1 h6
15. Nh3 Kf7 16. d5 c5 17. Bd3 a6 18. a4 Bd7 19. a5 g5 20. Ne2 Nce8 21. Nf2 Ng7
22. Kc2 f4 23. g3 fxg3 24. Nxg3 Rhe8 25. Rb1 Rac8 26. Rf1 Bf8 27. Ng4 Ngh5 28.
Ne4 Nxe4 29. fxe4+ Ke7 30. h3 Bg7 31. e5 Bxe5 32. Nxe5 dxe5 33. Rbe1 Rf8 34.
Rxf8 Rxf8 35. h4 Nf4 36. hxg5 Nxd3 37. Kxd3 Bf5+ 38. Kc3 hxg5 39. Bxg5+ Kd6 40.
Rf1 Rf7 41. b4 cxb4+ 42. Kxb4 Bg6 43. Rg1 Bd3 44. Be3 Rc7 45. Rg4 Rf7 46. Rg8
Rf1 47. Bc5+ Kd7 48. Rg7+ Kc8 49. Bb6 Rf8 50. Kc5 Bf5 51. Rc7+ Kb8 52. Re7 e4
53. Bc7+ Kc8 54. Bd6 Rh8 55. Rc7+ Kd8 56. Rxb7 e3 57. Bc7+ 1-0

[Event "2.BLW 1617 Aachener SV - SV Würselen"]
[Site "?"]
[Date "2016.11.20"]
[Round "2.3"]
[White "Geiernaert, Steven"]
[Black "Vandenbussche, Thibaut"]
[Result "1-0"]
[WhiteElo "2438"]
[BlackElo "2382"]
[PlyCount "95"]
[EventDate "2016.??.??"]

1. d4 Nf6 2. c4 c5 3. d5 g6 4. Nc3 Bg7 5. e4 O-O 6. Nge2 d6 7. Ng3 h5 8. Be2 h4
9. Nf1 h3 10. g3 b5 11. cxb5 a6 12. bxa6 Nxa6 13. Ne3 e6 14. O-O Nb4 15. a3
exd5 16. exd5 Re8 17. Rb1 Na6 18. b4 cxb4 19. axb4 Ne4 20. Nxe4 Rxe4 21. b5 Nc5
22. Bb2 Bxb2 23. Rxb2 Qf6 24. Qb1 Bb7 25. Rb4 Rxb4 26. Qxb4 Ra2 27. Qg4 Qe5 28.
Bf3 Nd3 29. Qc4 Ra3 30. Qc2 Qf6 31. Bg4 Ne5 32. Bxh3 Nf3+ 33. Kh1 Qh8 34. Kg2
Ng5 35. Bg4 f5 36. Qc7 Rxe3 37. Qb8+ Kg7 38. Qxb7+ Kh6 39. fxe3 fxg4 40. Qe7
Qb2+ 41. Rf2 Qxb5 42. Qf8+ Kh7 43. Qxd6 Qc4 44. Qe7+ Kh6 45. Qe5 Qc8 46. Qf4
Kh5 47. h4 Nh3 48. Qf7 1-0

[Event "2.BLW 1617 Aachener SV - SV Würselen"]
[Site "?"]
[Date "2016.11.20"]
[Round "2.4"]
[White "Piceu, Tom"]
[Black "Klyuner, Vyacheslav"]
[Result "1-0"]
[WhiteElo "2357"]
[BlackElo "2451"]
[PlyCount "151"]
[EventDate "2016.??.??"]

1. d4 Nf6 2. Nf3 e6 3. e3 c5 4. Bd3 b6 5. O-O Bb7 6. Nbd2 d6 7. c3 cxd4 8. exd4
Be7 9. Re1 O-O 10. Qe2 Nbd7 11. Ng5 h6 12. Nxe6 fxe6 13. Qxe6+ Kh8 14. Qxe7 Qc7
15. Qe2 Qc6 16. f3 Qd5 17. Ne4 Rae8 18. Bf4 Nxe4 19. fxe4 Qe6 20. Bg3 Nf6 21.
e5 dxe5 22. Bxe5 Qd5 23. c4 Qc6 24. Rad1 Re7 25. Bb1 Kg8 26. Qc2 Rfe8 27. Rf1
Ne4 28. Rde1 Rxe5 29. dxe5 Qc5+ 30. Kh1 Rxe5 31. Qd3 Nf2+ 32. Rxf2 Rxe1+ 33.
Rf1 Rxf1+ 34. Qxf1 Qe5 35. b3 g5 36. h3 Qe3 37. Qf5 h5 38. Qh7+ Kf8 39. Qxb7
Qe1+ 40. Kh2 Qe5+ 41. g3 Qb2+ 42. Qg2 Qxb1 43. Qa8+ Ke7 44. Qxa7+ Ke8 45. Qb8+
Kd7 46. Qb7+ Ke8 47. Qc8+ Ke7 48. Qc7+ Ke8 49. Qe5+ Kd7 50. Qe2 h4 51. gxh4
gxh4 52. Kg2 Kc7 53. Qe7+ Kb8 54. Qxh4 Qxa2+ 55. Qf2 Qa5 56. h4 Ka7 57. Qe3 Qf5
58. Qf3 Qg6+ 59. Kh1 Qh6 60. h5 Qg5 61. Kh2 Qe5+ 62. Kg2 Qg7+ 63. Qg3 Qf6 64.
Qe3 Qf5 65. h6 Qg4+ 66. Kf2 Qf5+ 67. Kg3 Qg6+ 68. Kf3 Qh5+ 69. Ke4 Qg6+ 70. Kd5
Qh5+ 71. Kd6 Ka6 72. b4 Qg6+ 73. Qe6 Qd3+ 74. Kc7 Qg3+ 75. Qd6 Qf2 76. b5+ 1-0

[Event "2.BLW 1617 Aachener SV - SV Würselen"]
[Site "?"]
[Date "2016.11.20"]
[Round "2.5"]
[White "Hovhannisyan, Mher"]
[Black "Sonntag, Hans-Hubert"]
[Result "1-0"]
[WhiteElo "2456"]
[BlackElo "2358"]
[PlyCount "107"]
[EventDate "2016.??.??"]

1. Nf3 d5 2. g3 c6 3. Bg2 Bf5 4. O-O h6 5. d3 Nf6 6. c4 dxc4 7. Ne5 Nbd7 8.
Nxc4 e5 9. b4 Qc7 10. a3 Nb6 11. Nbd2 Nxc4 12. Nxc4 Be6 13. Qc2 Bd6 14. Bb2
Bxc4 15. dxc4 O-O 16. c5 Be7 17. Qf5 e4 18. Bxe4 Nxe4 19. Qxe4 Rfd8 20. Rad1
Bf8 21. e3 a5 22. Rxd8 Rxd8 23. Bd4 axb4 24. axb4 Ra8 25. h4 Qd7 26. Kg2 Ra4
27. Rb1 f5 28. Qf3 g6 29. Rd1 Qe6 30. Rb1 Bg7 31. Bxg7 Kxg7 32. Qf4 Qe4+ 33.
Qxe4 fxe4 34. g4 Kf6 35. Kg3 Ke5 36. Rd1 Rxb4 37. Rd6 Rc4 38. Rxg6 Rxc5 39.
Rxh6 b5 40. Rh5+ Kd6 41. Rxc5 Kxc5 42. h5 b4 43. h6 b3 44. h7 b2 45. h8=Q b1=Q
46. Kf4 Qc2 47. Qh4 Kd5 48. g5 Qb2 49. g6 Qb8+ 50. Kg4 Qc8+ 51. Kg3 Qf5 52. Qg4
Qe5+ 53. Kg2 Qg7 54. Qf5+ 1-0